000 00522nam a2200217Ia 4500
003 GCL
008 140319s9999 xx 000 0 eng d
040 _aGCL /
_cGCL
082 0 4 _a882.0109
_bR G
100 1 _aREHM, RUSH
245 1 0 _aGREEK TRAGIC THEATRE /
_cREHM, RUSH
260 _a[S.N] :
_bROUTLEDGE ،
_c1992
300 _a168 P
650 0 4 _aDRAMA, GREEK
650 0 4 _aHISTORY AND CRITICISM
650 0 4 _aHISTORY
650 0 4 _aPOLITICAL PLAYS
650 0 4 _aTRAGEDY
650 0 4 _aGREEK
942 _2ddc
_cBK
999 _c25024
_d25024